000 00740nam a2200277Ia 4500
001 7246
005 20240113234005.0
007 ta
008 050704s1952 a g b000 u hin u
020 _cHB
040 _aCotton college Assam
041 _ahin
082 _a491.4303
_bD 149 H
100 _a, .
110 _aHindi Prasar Sabha .
245 0 _aHindi Malayalam Kosh /
_cHindi Prasar Sabha.
_hTextual Documents
250 _a1st ed. /
260 _aMadras :
_bHindi Prasar Sabha ,
_c1952.
300 _a607p. :
_bill. ;
_c18cm .
653 _aHindi language-Dictionaries-Malayalam
653 _aDictionaries-Hindi-Malayalam
653 _aMS-Hindi
942 _2ddc
_cBK
999 _c7233
_d7233